000 00733nam a2200241Ia 4500
005 20260430150336.0
008 008 250103s9999 xx 000 0 eng d
037 _aTheses
040 _aCRL
040 _beng
040 _ceng
041 _2eng
041 _aeng
084 _qCRL
100 _aKatara Shivani Au.; Abraham Janaki Gu.; Palriwala Rajni Gu.
_91237200
245 0 _aConceptualising Reproductive Health and Family Planning Practices: A Study Among Married Muslim Women in a Small Town of Uttar Pradesh
260 _c2023
300 _a336p.
650 _aSociology
700 _aUniversity of Delhi. Faculty of Social Sciences. Deptt. of Sociology
_91237201
942 _cTH
999 _c1849555
_d1849555